NBA Players By Letter - E - Statistics

General Stats
  • This quiz has been taken 393 times
  • The average score is 5 of 9
Answer Stats
First Name Surname Team % Correct
Joel Embiid Philadelphia 76ers
96%
Monta Ellis Indiana Pacers
87%
Tyreke Evans New Orleans Pelicans
85%
Dante Exum Utah Jazz
68%
Wayne Ellington Miami Heat
58%
Festus Ezeli Portland Trail Blazers
49%
James Ennis Memphis Grizzlies
45%
Tyler Ennis Houston Rockets
45%
Henry Ellenson Detroit Pistons
17%
No matching quizzes found
Score Distribution
Percent of People with Each Score
Percentile by Number Answered
Your Score History
You have not taken this quiz